书目信息 |
| 题名: |
模具制造手册
|
|
| 作者: | 模具手册编写组 编著 | |
| 分册: | ||
| 出版信息: | 北京 机械工业出版社 1982.8 |
|
| 页数: | 834页 | |
| 开本: | 26cm | |
| 丛书名: | ||
| 单 册: | ||
| 中图分类: | TG241 | |
| 科图分类: | ||
| 主题词: | 铸造--工艺 | |
| 电子资源: | ||
| ISBN: | ||
| 000 | 00569nam0 2200193 45 | |
| 001 | 0312221749 | |
| 005 | 20031222170911.1 | |
| 010 | @dCNY6.30 | |
| 100 | @a20031222d1982 km y0chiy0120 ea | |
| 101 | @achi | |
| 105 | @a z 000yy | |
| 200 | 1 | @a模具制造手册@AMo Ju Zhi Zao Shou Ce@f模具手册编写组编著@FMo Ju Shou Ce Bian Xie Zu Bian Zhu@e模具手册之六 |
| 210 | @a北京@c机械工业出版社@d1982.8 | |
| 215 | @a834页@d26cm | |
| 606 | 0 | @a铸造@x工艺 |
| 690 | @aTG241@v3 | |
| 701 | 0 | @a模具手册编写组@4编著 |
| 801 | @aCN@bTSTCL@c20031222 | |
| 905 | @a213230@dTG241@e1@b126383@f1 | |
| 模具制造手册/模具手册编写组编著:模具手册之六.-北京:机械工业出版社,1982.8 |
| 834页;26cm |
| ISBN :CNY6.30 |
| ● |
| 相关链接 |
|
|
|
|
正题名:模具制造手册
索取号:TG241/1
 
预约/预借
| 序号 | 登录号 | 条形码 | 馆藏地/架位号 | 状态 | 备注 |
| 1 | 0126383 | 000559719 | 第二样本阅览室/ [索取号:TG241/1] | 在馆 |